000 00275nam a2200109Ia 4500
001 588847
005 20250717120838.0
008 250717s9999 xx 000 0 und d
245 0 _aY-6 KÜÇÜK OK KUYRUKSUZ AT
_cŞAFAK TAVKUL
260 _bERDEM YAYINLARI
_c2016
300 _b64
999 _c588847
_d588847